Largest European Cities on a Map by Letter - L - Statistics

General Stats
  • This quiz has been taken 370 times
  • The average score is 15 of 29
Answers on the Map
Answers color-coded by a green-red scale on the quiz's map according to % correct below.
 
Answer Stats
Pop. City % Correct
9.16m London
99%
543k Lisbon
97%
581k Liverpool
92%
530k Lyon
92%
512k Leeds
86%
282k Ljubljana
86%
594k Leipzig
81%
235k Lille
76%
726k Lviv
75%
685k Łódź
72%
474k Leicester
68%
198k Liège
60%
206k Linz
59%
167k Le Havre
53%
217k Lübeck
53%
232k Luton
47%
338k Lublin
44%
159k Livorno
43%
402k Luhansk
42%
161k Linköping
33%
155k Larisa
32%
262k L’Hospitalet de Llobregat
24%
164k Leverkusen
21%
510k Lipetsk
20%
170k Ludwigshafen am Rhein
19%
151k Logroño
17%
217k Lutsk
13%
189k Leganés
12%
207k Lyubertsy
5%
No matching quizzes found
Score Distribution
Percent of People with Each Score
Percentile by Number Answered
Your Score History
You have not taken this quiz